| 000 | 01884nam0a2200373 i 4500 | ||
|---|---|---|---|
| 001 | RU\NLR\BIBL_A\011102775 | ||
| 005 | 20240922021249.0 | ||
| 010 |
_a9785979514932 _9100 |
||
| 021 |
_aRU _b2016-24461 _91555 |
||
| 035 | _a(NILC)RuMoRGB-008261511 | ||
| 035 | _a(NLR Aleph) 011102775 | ||
| 090 |
_a11429318 _c11429318 |
||
| 100 | _a20160414d2016 k y0rusy50 ca | ||
| 101 | 0 | _arus | |
| 102 | _aRU | ||
| 105 | _aa|||z|||000yy | ||
| 200 | 1 |
_aМетодика преподавания отдельных дисциплин в учебных заведениях России _fИ.С. Бойко, Ю.М. Гриценко, И.А. Чуканов _gМ-во образования и науки Рос. Федерации, Федер. гос. бюджет. образоват. учреждение высш. проф. образования "Ульян. гос. техн. ун-т" |
|
| 210 |
_aМосква _cУлГТУ _d2016 |
||
| 215 |
_a231 с. _cил. _d20 |
||
| 300 | _aНа обороте тит. л. авт.: Бойко Н.С., к.ю.н., доц., Чуканов И.А., д.ист.н., проф., Гриценко Ю.М., к.ю.н., доц. | ||
| 320 | _aБиблиогр. в подстроч. примеч. | ||
| 606 | 1 |
_aОбразовательные учреждения _xПреподавание _92461509 _3RU\NLR\AUTH\661462574 |
|
| 610 | 0 | _aучебные предметы | |
| 610 | 0 | _aпреподавание предмета | |
| 675 | _a373 | ||
| 686 | 1 | _aЧ312 | |
| 700 | 1 |
_7ca _8rus _aБойко _bН. С. _gНаталия Семеновна _9249785 _3RU\NLR\AUTH\770249841 |
|
| 701 | 1 |
_aГриценко _bЮ. М. _gЮрий Михайлович |
|
| 701 | 1 |
_aЧуканов _bИ. А. _gИван Альбертович |
|
| 801 | 0 |
_aRU _bРГБ _c20160330 _gRCR |
|
| 942 | _cBOOK | ||
| 980 | _aNBR | ||